书目信息 |
| 题名: |
生物学概论
|
|
| 作者: | 汤浅明 著 ;高庆生 译 | |
| 分册: | ||
| 出版信息: | 北京 人民教育出版社 1980 |
|
| 页数: | 281页 | |
| 开本: | 21cm | |
| 丛书名: | ||
| 单 册: | ||
| 中图分类: | Q2 , Q-06 | |
| 科图分类: | ||
| 主题词: | 生物学--学说--概论 | |
| 电子资源: | ||
| ISBN: | ||
| 000 | 00734nam0 2200253 450 | |
| 001 | 1572384960 | |
| 005 | 20150129200655.57 | |
| 010 | @dCNY0.82 | |
| 091 | @a13012.0504 | |
| 100 | @a19950420d1980 em y0chiy0110 ea | |
| 101 | 1 | @achi@cjpn |
| 102 | @aCN@b110000 | |
| 105 | @ay z 000yy | |
| 200 | 1 | @a生物学概论@9sheng wu xue gai lun@e细胞和遗传的生物学@f(日)汤浅明著@g高庆生译 |
| 210 | @a北京@c人民教育出版社@d1980 | |
| 215 | @a281页@d21cm | |
| 517 | 1 | @a细胞和遗传的生物学@9xi bao he yi chuan de sheng wu xue |
| 606 | 0 | @a生物学@x学说@x概论 |
| 690 | @aQ2@v5 | |
| 690 | @aQ-06@v4 | |
| 701 | 0 | @a汤浅明@9tang qian ming@4著 |
| 702 | 0 | @a高庆生@9gao qing sheng@4译 |
| 801 | 0 | @aCN@bTSSF@c20150129 |
| 905 | @aZUCC@dQ-06@eJY8 | |
| 生物学概论:细胞和遗传的生物学/(日)汤浅明著/高庆生译.-北京:人民教育出版社,1980 |
| 281页;21cm |
| ISBN :CNY0.82 |
| ● |
| 相关链接 |
|
|
|
|
正题名:生物学概论
索取号:Q-06/JY8
 
预约/预借
| 序号 | 登录号 | 条形码 | 馆藏地/架位号 | 状态 | 备注 |
| 1 | 7862873 | 278628736 | 学院路分馆/ [索取号:Q-06/JY8] | 在馆 | |
| 2 | 7862874 | 278628745 | 学院路分馆/ [索取号:Q-06/JY8] | 在馆 |